000 02017nam a2200445 c 4500
999 _c27379
_d27379
003 BLK
005 20250127095115.0
008 180413b bul|||||r ||||||| ||bul||
010 _aKNG00029960000
020 _a954-8701-22-7
040 _aBLK
041 _aBUL
_cBUL
072 7 _2bullib
_aК
_xКраезнание
080 _aПоземлена реформа
_b332.021.8
_x:63(497.2)
_z332.021.8:63(497.2)
080 _aСелското стопанство като стопански отрасъл. Икономика на селското стопанство
_b338.43
_x(497.2)
_z338.43(497.2)
100 1 _aХорозов, Крум Кънчев
_d1925-2017
_eпърви автор
_9366025
139 _aХорозов, Крум Кънчев
_bХ 69
245 1 0 _aАграрната реформа
_bПътища и безпътица на земеделието в България 1944-1999 : Дописки, статии, интервюта
_cКрум Кънчев Хорозов; предг. от Янко Иванов Енчев.
260 _bДенница
_c1999
_fСофия : График амат
300 _a136 с.
_bс портр., факс.
_c20 см
380 _a3
500 _aСъдържа и кратки биогр. данни за авт.
650 4 _aАграрни реформи
_9267222
650 7 _aБългария - аграрна политика
_2
_9146452
650 4 _aСелско стопанство - България
_9269258
651 4 _aБългария
_9241624
653 _aземеделие
653 _aселско стопанство
653 _aаграрна политика
659 _aК
700 1 _aЕнчев, Янко Иванов
_eпредг. от
_9366223
852 _aЦб 202963
852 _aК 33(497.2)/Х 69 К
856 4 _qpdf
_u
856 4 _qpdf
_u
942 _cKNG
_n0
_s1
944 _aCR
_c15.01.2003
_k30560
_lГеновева Генчева
944 _aED
_c28.05.2014
999 _d27379